Un alto en el camino para saber cuántos somos… : los censos de población y la construcción de lealtades nacionales. Chile, siglo XIX /

El presente trabajo pretende interpretar los censos de población aplicados en Chile durante el siglo XIX como eventos de carácter nacional que habrían contribuido al complejo proceso de construcción social de la nación. Para ello fija su atención en la institución que los organiza, el Estado, que se...

Full description

Bibliographic Details
Main Author: Estefane Jaramillo, Andrés
Format: Libro
Language:Spanish
Subjects:
Online Access:Acceso electrónico al documento

MARC

LEADER 00000cam a2200000 a 4500
001 042079
003 UAHC_CL
005 20170803124643.0
008 041122s2004 cl 000 spa
040 |a UAHC_CL  |c UAHC_CL  |d UAHC_CL 
100 1 |a Estefane Jaramillo, Andrés 
245 1 3 |a Un alto en el camino para saber cuántos somos… :  |b los censos de población y la construcción de lealtades nacionales. Chile, siglo XIX /  |c Andrés Estefane Jaramillo. 
500 |a En: Historia (Santiago), jun. 2004, vol.37, no.1, p.33-59. ISSN 0717-7194.\Modo de acceso: Internet --(Página web visitada el 22 de noviembre de 2004) 
520 |a El presente trabajo pretende interpretar los censos de población aplicados en Chile durante el siglo XIX como eventos de carácter nacional que habrían contribuido al complejo proceso de construcción social de la nación. Para ello fija su atención en la institución que los organiza, el Estado, que se ve en la obligación de aplicar mecanismos cooptativos y coactivos orientados a eliminar la resistencia de la población ante este tipo de empadronamientos y de esta forma asegurar la correcta aplicación de la encuesta. Asimismo, analiza que papel que tuvieron las autoridades locales en estos eventos, toda vez que la materialización de la iniciativa dependía de la voluntad de aquellos actores influyentes en los espacios básicos de organización social. Por otra parte, estudia la dimensión territorial que se desprende de la aplicación del censo, como también los intentos de la ciencia estadística por homogeneizar una realidad social heterogénea. Por último, ofrece algunas vías interpretativas que demuestran la riqueza de esta fuente para comprender aspectos poco estudiados de nuestra historia nacional. 
651 4 |a CHILE  |x CENSO  |y S.XIX 
856 |u http://www.scielo.cl/scielo.php?script=sci_arttext&pid=S0717-71942004000100002&lng=es&nrm=iso&tlng=es  |3 Acceso electrónico al documento  |y Acceso electrónico al documento 
900 |a REVISTA HISTORIA(SANTIAGO)-01-04 
942 |c BK 
999 |c 42079  |d 42079